Úver či investícia: keď sa plány zmenia

Keď si chce klient vybrať peniaze z banky uložené do podielových fondov, bankový poradca mu môže navrhnúť poskytnutie úveru bez ručiteľa, so zvýhodneným úrokom, a ako zábezpeka poslúži investícia vo fonde. Na čo všetko musí klient pri rozhodovaní myslieť. Otázka poplatkov. Otázkou je, kedy je výhodn...

ver descrição completa

Na minha lista:
Detalhes bibliográficos
Autor principal: Kláseková, Martina
Formato: Capítulo de Livro
Idioma:eslovaco
Assuntos:
Tags: Adicionar Tag
Sem tags, seja o primeiro a adicionar uma tag!

MARC

LEADER 00000naa$a2200000$$$4500
001 0037720
005 20231009082839.6
041 0 |a slo 
044 |a SK 
245 1 0 |a Úver či investícia: keď sa plány zmenia  |c Martina Kláseková 
520 |a Keď si chce klient vybrať peniaze z banky uložené do podielových fondov, bankový poradca mu môže navrhnúť poskytnutie úveru bez ručiteľa, so zvýhodneným úrokom, a ako zábezpeka poslúži investícia vo fonde. Na čo všetko musí klient pri rozhodovaní myslieť. Otázka poplatkov. Otázkou je, kedy je výhodnejšie úver predčasne splatiť a kedy radšej prebytočné zdroje investovať. 
610 2 0 |a úspory 
610 2 0 |a fondy podielové 
610 2 0 |a klienti 
610 2 0 |a investície 
610 2 0 |a investovanie 
610 2 0 |a úver bankový 
610 2 0 |a poplatky 
100 1 |a Kláseková, Martina